Perspectives in the vedic and the classical sanskrit heritage (Record no. 66239)

MARC details
000 -LEADER
fixed length control field 00391nam a2200145Ia 4500
008 - FIXED-LENGTH DATA ELEMENTS--GENERAL INFORMATION
fixed length control field 230917s9999||||xx |||||||||||||| ||und||
040 ## - CATALOGING SOURCE
-- 66558
Original cataloging agency VIVEKANANDA LIBRARY
041 ## - Language
-- English
082 ## - DDC NUMBER
Classification number 294.1 D271P
100 ## - MAIN ENTRY--PERSONAL NAME
Personal name Davane, G V
245 #0 - TITLE STATEMENT
Title Perspectives in the vedic and the classical sanskrit heritage
260 ## - PUBLICATION, DISTRIBUTION, ETC. (IMPRINT)
Place of publication, distribution, etc New Delhi
Name of publisher, distributor, etc D K Print World
Date of publication, distribution, etc 1995
300 ## - PHYSICAL DESCRIPTION
Pages xvii, 375 p.
942 ## - ADDED ENTRY ELEMENTS (KOHA)
Koha item type Books
Holdings
Withdrawn status Lost status Damaged status Not for loan Location (home branch) Sublocation or collection (holding branch) Date acquired Koha issues (times borrowed) Koha full call number Accession No. Koha date last seen Koha item type
        VIVEKANANDA LIBRARY VIVEKANANDA LIBRARY 20/01/2003   294.1 D271P 138721 17/09/2023 Books
© Designed and Maintained by Vivekananda Library, MDU Rohtak